Svetlo na druhom brehu /
Uložené v:
| Hlavný autor: | |
|---|---|
| Médium: | Kniha |
| Jazyk: | Slovak English |
| Vydané: |
Bratislava :
Smena,
1991
|
| Vydanie: | 1. vyd. |
| Edícia: | Križovatky
|
| ISBN: |
8022101907 (brož.) |
| Fyzický popis: |
124 s. |
| Tagy: |
Pridať tag
Žiadne tagy, Buďte prvý kto otaguje tento záznam!
|
Titul je dostupný aj v ... 

MARC
| LEADER | 00000nam a2200000 a 4500 | ||
|---|---|---|---|
| 001 | 000185513 | ||
| 005 | 20060601154407.0 | ||
| 008 | 060420s1991 xo e 000 0 sloo | ||
| 020 | |a 8022101907 (brož.) | ||
| 040 | |a SVKKK |b slo |c SVKKK |e AACR2 | ||
| 041 | 1 | |a slo |h eng | |
| 044 | |a xo |c SK | ||
| 100 | 1 | |a Moody, Raymond A |4 aut | |
| 245 | 1 | 0 | |a Svetlo na druhom brehu / |c Raymond A. Moody |
| 250 | |a 1. vyd. | ||
| 260 | |a Bratislava : |b Smena, |c 1991 | ||
| 300 | |a 124 s. | ||
| 440 | 0 | |a Križovatky | |
| 910 | |a svkkk | ||
| 919 | |a 80-221-0190-7 | ||
| 998 | |a BK | ||
| 090 | |g SCKHL |k Sklad Pribinova 2. posch. |a II.341436 |j 828361 |i 2720245532 |s Absenčne | ||
| 090 | |g SCKHL |k Sklad Pribinova 2. posch. |a II.341437 |j 828362 |i 185513-20 |s Absenčne | ||
| 090 | |g SCKHL |k Sklad Pribinova 2. posch. |a II.341438 |j 828363 |i 2720120096 |s Absenčne | ||
| 090 | |g SCKHL |k Sklad Pribinova 2. posch. |a II.341439 |j 828364 |i 185513-40 |s Absenčne | ||
| 090 | |g SCKHL |k Sklad Pribinova 2. posch. |a II.341440 |j 828365 |i 185513-50 |s Absenčne | ||
| 090 | |g SCKHL |k Sklad Pribinova 2. posch. |a II.342465 |j 830808 |i 185513-60 |s Absenčne | ||